000 01047nam a2200241 a 4500
001 59938
003 BD-RjUL
005 20211209080802.0
008 161227s2012 bg ||||| |||| 00| 0 ben d
020 _a9843108396 (set-2)
_c: Tk.850.00
035 _a(BD-RjUL)60062
040 _aBD-RjUL
_bben
_cBD-RjUL
_dBD-RjUL
041 _aben
082 _223
_a363.209549205
_bMUK 2012
245 1 0 _aমুক্তিযুদ্ধে পুলিশের ভূমিকা /
_cসম্পাদনা এ এস এম সামছুল আরেফিন
260 _aঢাকা :
_bপুলিশ হেডকোয়ার্টার্স,
_c২০১২
300 _aখন্ড. :
_bচিত্র ;
_c২৫ সেমি.
505 _aখন্ড. ২. --
650 _aপুলিশ সেবা
_zবাংলাদেশ
_y১৯৭১-
_9166314
650 _aPolice Service
_zBangladesh
_y1971-
_9166315
700 _aআরেফিন, এ এস এম সামছুল সম্পাদনা
_9146559
942 _2ddc
_cBK
999 _c59938
_d59938